<?xml version="1.0" encoding="UTF-8"?><?xml-stylesheet type="text/xsl" href="static/style.xsl"?><OAI-PMH xmlns="http://www.openarchives.org/OAI/2.0/" xmlns:xsi="http://www.w3.org/2001/XMLSchema-instance" xsi:schemaLocation="http://www.openarchives.org/OAI/2.0/ http://www.openarchives.org/OAI/2.0/OAI-PMH.xsd"><responseDate>2026-04-13T05:54:33Z</responseDate><request verb="GetRecord" identifier="oai:www.recercat.cat:11351/13557" metadataPrefix="marc">https://recercat.cat/oai/request</request><GetRecord><record><header><identifier>oai:recercat.cat:11351/13557</identifier><datestamp>2025-10-24T10:24:58Z</datestamp><setSpec>com_2072_378070</setSpec><setSpec>com_2072_378040</setSpec><setSpec>col_2072_378092</setSpec></header><metadata><record xmlns="http://www.loc.gov/MARC21/slim" xmlns:dcterms="http://purl.org/dc/terms/" xmlns:xsi="http://www.w3.org/2001/XMLSchema-instance" xmlns:doc="http://www.lyncode.com/xoai" xsi:schemaLocation="http://www.loc.gov/MARC21/slim http://www.loc.gov/standards/marcxml/schema/MARC21slim.xsd">
   <leader>00925njm 22002777a 4500</leader>
   <datafield ind2=" " ind1=" " tag="042">
      <subfield code="a">dc</subfield>
   </datafield>
   <datafield ind2=" " ind1=" " tag="720">
      <subfield code="a">Mengel, Eugen</subfield>
      <subfield code="e">author</subfield>
   </datafield>
   <datafield ind2=" " ind1=" " tag="720">
      <subfield code="a">Patterson, Marc</subfield>
      <subfield code="e">author</subfield>
   </datafield>
   <datafield ind2=" " ind1=" " tag="720">
      <subfield code="a">Da Riol, Rosalia M.</subfield>
      <subfield code="e">author</subfield>
   </datafield>
   <datafield ind2=" " ind1=" " tag="720">
      <subfield code="a">Deodato, Federica</subfield>
      <subfield code="e">author</subfield>
   </datafield>
   <datafield ind2=" " ind1=" " tag="720">
      <subfield code="a">Gautschi, Matthias</subfield>
      <subfield code="e">author</subfield>
   </datafield>
   <datafield ind2=" " ind1=" " tag="720">
      <subfield code="a">del Toro, Mireia</subfield>
      <subfield code="e">author</subfield>
   </datafield>
   <datafield ind2=" " ind1=" " tag="260">
      <subfield code="c">2025-08-21T08:42:47Z</subfield>
   </datafield>
   <datafield ind2=" " ind1=" " tag="260">
      <subfield code="c">2025-08-21T08:42:47Z</subfield>
   </datafield>
   <datafield ind2=" " ind1=" " tag="260">
      <subfield code="c">2025-06</subfield>
   </datafield>
   <datafield ind2=" " ind1=" " tag="520">
      <subfield code="a">Arimoclomol; NPC clinical severity scale; Niemann-Pick disease type C</subfield>
   </datafield>
   <datafield ind2=" " ind1=" " tag="520">
      <subfield code="a">Arimoclomol; Escala de gravetat clínica de la NPC; Malaltia de Niemann-Pick tipus C</subfield>
   </datafield>
   <datafield ind2=" " ind1=" " tag="520">
      <subfield code="a">Arimoclomol; Escala de gravedad clínica de la NPC; Enfermedad de Niemann-Pick tipo C</subfield>
   </datafield>
   <datafield ind2=" " ind1=" " tag="520">
      <subfield code="a">Background&#xd;
In the 12-month, randomized, double-blind, placebo-controlled Phase 2/3 NPC-002 study (NCT02612129), arimoclomol significantly reduced annual disease progression versus placebo, measured by the 5-domain NPC Clinical Severity Scale (5DNPCCSS). Arimoclomol has been approved in the US for treatment of Niemann-Pick disease type C (NPC) in combination with miglustat. This paper introduces the rescored 4-domain NPCCSS (R4DNPCCSS) as a post-hoc primary endpoint in NPC-002, discusses its validation, and presents the results of the post-hoc primary analysis.&#xd;
Methods&#xd;
To more accurately assess changes in disease course over a 12-month time period in a heterogeneous group of patients, the Cognition domain was removed from the 5DNPCCSS and the Swallow domain was rescored to reflect linearity in disease progression. Rescoring of the Swallow domain was based on input from clinical NPC and swallow experts from a qualitative interview-based study (N = 12), resulting in the R4DNPCCSS. To supplement prior validation analyses, data supporting the overall validity and reliability of the R4DNPCCSS was gathered through additional analyses of construct and convergent validity. The NPC-002 prespecified primary efficacy endpoint analysis based on the 5DNPCCSS score change from baseline to 12 months was repeated with R4DNPCCSS.&#xd;
Results&#xd;
Construct validity analysis demonstrated high agreement between the R4DNPCCSS domain scores and the Clinical Global Impression Scale of Severity (CGI-S) and NPC Clinical Database (NPC-cdb) scores. Convergent validity was confirmed by strong correlations between the R4DNPCCSS domains and corresponding items on the Scale for Assessment and Rating of Ataxia (SARA), 9-hole peg test (9-HPT), and Video Fluoroscopic Swallowing Study (VFSS) performance tests. The NPC-002 post-hoc primary analysis showed a mean standard error (SE) change in R4DNPCCSS score of 0.35 (0.40) with arimoclomol (N = 34) versus 2.05 (0.54) with placebo (N = 16), and a treatment effect in favor of arimoclomol over placebo of −1.70 (p = 0.0155). In the miglustat subgroup analysis, mean (SE) change in R4DNPCCSS score was −0.23 (1.02) with arimoclomol (N = 22) versus 1.92 (3.37) with placebo (N = 12), representing a treatment effect of −2.21 (p = 0.0077).&#xd;
Conclusion&#xd;
The R4DNPCCSS is a valid and reliable measure of disease progression demonstrating consistent outcomes with the prespecified 5DNPCCSS endpoint. Arimoclomol significantly slowed disease progression through 12 months as measured by the R4DNPCCSS versus placebo.</subfield>
   </datafield>
   <datafield ind2=" " ind1=" " tag="520">
      <subfield code="a">The research was funded by Zevra Therapeutics Inc.</subfield>
   </datafield>
   <datafield ind1="8" ind2=" " tag="024">
      <subfield code="a">http://hdl.handle.net/11351/13557</subfield>
   </datafield>
   <datafield tag="653" ind2=" " ind1=" ">
      <subfield code="a">Avaluació de resultats (Assistència sanitària)</subfield>
   </datafield>
   <datafield tag="653" ind2=" " ind1=" ">
      <subfield code="a">Malalties per dipòsit lisosòmic - Tractament</subfield>
   </datafield>
   <datafield tag="653" ind2=" " ind1=" ">
      <subfield code="a">ANALYTICAL, DIAGNOSTIC AND THERAPEUTIC TECHNIQUES, AND EQUIPMENT::Diagnosis::Prognosis::Treatment Outcome</subfield>
   </datafield>
   <datafield tag="653" ind2=" " ind1=" ">
      <subfield code="a">DISEASES::Nervous System Diseases::Central Nervous System Diseases::Brain Diseases::Brain Diseases, Metabolic::Brain Diseases, Metabolic, Inborn::Lysosomal Storage Diseases, Nervous System::Sphingolipidoses::Niemann-Pick Diseases::Niemann-Pick Disease, Type C</subfield>
   </datafield>
   <datafield tag="653" ind2=" " ind1=" ">
      <subfield code="a">Other subheadings::Other subheadings::Other subheadings::/drug therapy</subfield>
   </datafield>
   <datafield tag="653" ind2=" " ind1=" ">
      <subfield code="a">CHEMICALS AND DRUGS::Chemical Actions and Uses::Pharmacologic Actions::Physiological Effects of Drugs::Protective Agents::Neuroprotective Agents</subfield>
   </datafield>
   <datafield tag="653" ind2=" " ind1=" ">
      <subfield code="a">Other subheadings::Other subheadings::/therapeutic use</subfield>
   </datafield>
   <datafield tag="653" ind2=" " ind1=" ">
      <subfield code="a">TÉCNICAS Y EQUIPOS ANALÍTICOS, DIAGNÓSTICOS Y TERAPÉUTICOS::diagnóstico::pronóstico::resultado del tratamiento</subfield>
   </datafield>
   <datafield tag="653" ind2=" " ind1=" ">
      <subfield code="a">ENFERMEDADES::enfermedades del sistema nervioso::enfermedades del sistema nervioso central::enfermedades cerebrales::enfermedades cerebrales metabólicas::enfermedades cerebrales metabólicas congénitas::enfermedades por almacenamiento lisosómico del sistema nervioso::esfingolipidosis::enfermedades de Niemann-Pick::enfermedad de Niemann-Pick tipo c</subfield>
   </datafield>
   <datafield tag="653" ind2=" " ind1=" ">
      <subfield code="a">Otros calificadores::Otros calificadores::Otros calificadores::/farmacoterapia</subfield>
   </datafield>
   <datafield tag="653" ind2=" " ind1=" ">
      <subfield code="a">COMPUESTOS QUÍMICOS Y DROGAS::acciones y usos químicos::acciones farmacológicas::efectos fisiológicos de los fármacos::sustancias protectoras::fármacos neuroprotectores</subfield>
   </datafield>
   <datafield tag="653" ind2=" " ind1=" ">
      <subfield code="a">Otros calificadores::Otros calificadores::/uso terapéutico</subfield>
   </datafield>
   <datafield ind2="0" ind1="0" tag="245">
      <subfield code="a">Efficacy results from a 12-month double-blind randomized trial of arimoclomol for treatment of Niemann-Pick disease type C (NPC): Presenting a rescored 4-domain NPC Clinical Severity Scale</subfield>
   </datafield>
</record></metadata></record></GetRecord></OAI-PMH>